| 000 | 00453nam a22001697a 4500 | ||
|---|---|---|---|
| 003 | BD-DhUL | ||
| 005 | 20180916142318.0 | ||
| 008 | 180916s1947 xx ||||| |||| 00| 0 urd d | ||
| 040 |
_aBD-DhUL _cBD-DhUL |
||
| 082 |
_a891.431 _bHOS |
||
| 100 | 0 | _aہوش بلگرامی | |
| 245 | 1 |
_aسرودغم، نظم / _cہوش بلگرامی |
|
| 260 |
_a: _b، _c۔۱۹۴۷ |
||
| 300 |
_aص۔ ۱۰۰ ؛ _c۱۸ سم۔ |
||
| 650 | 4 | _aUrdu poetry | |
| 942 |
_2ddc _cBK |
||
| 999 |
_c243479 _d243479 |
||